Crimeware : (Record no. 11166)
[ view plain ]
| 000 -LEADER | |
|---|---|
| fixed length control field | 01651cam a2200325 a 4500 |
| 001 - CONTROL NUMBER | |
| control field | 15110270 |
| 005 - DATE AND TIME OF LATEST TRANSACTION | |
| control field | 20201128020734.0 |
| 008 - FIXED-LENGTH DATA ELEMENTS--GENERAL INFORMATION | |
| fixed length control field | 071212s2008 njua b 001 0 eng |
| 010 ## - LIBRARY OF CONGRESS CONTROL NUMBER | |
| LC control number | 2007050736 |
| 020 ## - INTERNATIONAL STANDARD BOOK NUMBER | |
| International Standard Book Number | 9780321501950 (pbk. : alk. paper) |
| 020 ## - INTERNATIONAL STANDARD BOOK NUMBER | |
| International Standard Book Number | 0321501950 (pbk. : alk. paper) |
| 035 ## - SYSTEM CONTROL NUMBER | |
| System control number | (OCoLC)ocn183926572 |
| 035 ## - SYSTEM CONTROL NUMBER | |
| System control number | (OCoLC)183926572 |
| 040 ## - CATALOGING SOURCE | |
| Original cataloging agency | DLC |
| Transcribing agency | DLC |
| Modifying agency | BAKER |
| -- | YDXCP |
| -- | C#P |
| -- | DLC |
| 050 00 - LIBRARY OF CONGRESS CALL NUMBER | |
| Classification number | QA76.9.A25 |
| Item number | C75 2008 |
| 082 00 - DEWEY DECIMAL CLASSIFICATION NUMBER | |
| Classification number | 005.8 |
| Edition number | 22 |
| Item number | JAK |
| 100 ## - MAIN ENTRY--PERSONAL NAME | |
| 9 (RLIN) | 3069 |
| Personal name | Jakobsson, Markus |
| 245 00 - TITLE STATEMENT | |
| Title | Crimeware : |
| Remainder of title | Understanding New Attacks and Defenses / |
| Statement of responsibility, etc | Markus Jakobsson, Zulfikar Ramzan. |
| 260 ## - PUBLICATION, DISTRIBUTION, ETC. (IMPRINT) | |
| Place of publication, distribution, etc | Upper Saddle River, NJ : |
| Name of publisher, distributor, etc | Addison-Wesley, |
| Date of publication, distribution, etc | c2008. |
| 300 ## - PHYSICAL DESCRIPTION | |
| Extent | xxi, 582 p. : |
| Other physical details | ill. ; |
| Dimensions | 24 cm. |
| 504 ## - BIBLIOGRAPHY, ETC. NOTE | |
| Bibliography, etc | Includes bibliographical references (p. 525-556) and index. |
| 505 0# - FORMATTED CONTENTS NOTE | |
| Formatted contents note | Overview of crimeware -- A taxonomy of coding errors -- Crimeware and peer-to-peer networks -- Crimeware in small devices -- Crimeware in firmware -- Crimeware in the browser -- Bot networks -- Rootkits -- Virtual worlds and fraud -- Cybercrime and politics -- Online advertising fraud -- Crimeware business models -- The educational aspect of security -- Surreptitious code and the law -- Crimeware and trusted computing -- Technical defense techniques -- The future of crimeware. |
| 650 #0 - SUBJECT ADDED ENTRY--TOPICAL TERM | |
| Topical term or geographic name as entry element | Computer security. |
| 9 (RLIN) | 3070 |
| 650 #0 - SUBJECT ADDED ENTRY--TOPICAL TERM | |
| Topical term or geographic name as entry element | Internet |
| General subdivision | Security measures. |
| 9 (RLIN) | 3071 |
| 650 #0 - SUBJECT ADDED ENTRY--TOPICAL TERM | |
| 9 (RLIN) | 3072 |
| Topical term or geographic name as entry element | Computer crimes |
| 700 1# - ADDED ENTRY--PERSONAL NAME | |
| Personal name | Jakobsson, Markus. |
| 9 (RLIN) | 3073 |
| 700 1# - ADDED ENTRY--PERSONAL NAME | |
| Personal name | Ramzan, Zulfikar. |
| 9 (RLIN) | 3074 |
| 942 ## - ADDED ENTRY ELEMENTS (KOHA) | |
| Source of classification or shelving scheme | Dewey Decimal Classification |
| Item type | Book - Borrowing |
| Withdrawn status | Item status | Source of classification or shelving scheme | Damaged status | Not for loan | Vendor | Home library | Current library | Shelving location | Date acquired | Source of acquisition | Cost, normal purchase price | Serial Enumeration / chronology | Total Checkouts | Total Renewals | Full call number | Barcode | Date last seen | Date last borrowed | Koha item type |
|---|---|---|---|---|---|---|---|---|---|---|---|---|---|---|---|---|---|---|---|
| Dewey Decimal Classification | Alahram | Central Library | Central Library | Lower Floor | 02/04/2009 | 340.00 | 375 | 5 | 12 | 005.8 JAK | 000015753 | 15/07/2025 | 09/10/2016 | Book - Borrowing |